banner-ar

WHEN ALLIES DIFFER: ANGLO - AMERICAN RELATIONS DURING THE SUEZ AND FALKLAND CRISES / (Record no. 13910)

MARC details
000 -الفاتح
حقل البيانات ثابتة الطول 00650nam a2200205Ia 4500
008 - عناصر البيانات ثابتة الطول - معلومات عامة
حقل البيانات ثابتة الطول 140319s9999 xx 000 0 eng d
040 ## - مصدر الفهرسة
وكالة الفهرسة الأصلية GCL /
وكالة النسخ GCL
082 04 - رقم تصنيف ديوى العشرى
رقم التصنيف 327.73041
رقم المادة R W
100 1# - المدخل الرئيسى - إسم شخصى
الإسم الشخصى RICHARDSON, LOUISE
245 10 - بيان العنوان
العنوان WHEN ALLIES DIFFER: ANGLO - AMERICAN RELATIONS DURING THE SUEZ AND FALKLAND CRISES /
بيان المسئوليه,etc RICHARDSON, LOUISE
260 ## - PUBLICATION, DISTRIBUTION, ETC. (IMPRINT)
تاريخ النشر أو التوزيع 1996
300 ## - الوصف المادى
التعداد 278 P
650 04 - المدخل الاضافى بالموضوع-مصطلح موضوعى
مصطلح موضوعي FOLKLAND ISLAND WAR, 1982
650 04 - المدخل الاضافى بالموضوع-مصطلح موضوعى
مصطلح موضوعي SUEZ WAR 1956
650 04 - المدخل الاضافى بالموضوع-مصطلح موضوعى
مصطلح موضوعي INTERNATIONAL POLITICS
650 04 - المدخل الاضافى بالموضوع-مصطلح موضوعى
مصطلح موضوعي UNITED STATES - FOREIGN RELATIONS
650 04 - المدخل الاضافى بالموضوع-مصطلح موضوعى
مصطلح موضوعي GREAT BRITAIN - FOREIGN RELTATIONS
942 ## - عناصر المدخل الإضافي( كوها)
مصدر التصنيف او مخطط الترفيف Dewey Decimal Classification
Koha [default] item type كتاب
260 ## - PUBLICATION, DISTRIBUTION, ETC. (IMPRINT)
-- [S.N] :
-- MACMILLAN PRESS ،
Holdings
حالة التراجع حالة الفقد حالة تلف ليس للاعارة المكان المؤقت الموقع الحالى تاريخ الاكتساب اجمالي اﻻعارات رقم الطلب الباركود تاريخ اخر مشاهدة تاريخ تفعيل السعر نوع وعاء كوها
        مكتبة القاهرة الكبرى مكتبة القاهرة الكبرى 03/26/2014   327.73041\R W 26320 03/26/2014 03/26/2014 كتاب

Powered By

EGPV